000
00270nam a2200109Ia 4500
001
588787
005
20250717120837.0
008
250717s9999 xx 000 0 und d
245
0
_a
V-13 HATİCE BACI
_c
İSMAİL BİLGİN
260
_b
TİMAŞ YAYINLARI
_c
2018
300
_b
89
999
_c
588787
_d
588787